| 000 | 00616nam a2200145Ia 4500 | ||
|---|---|---|---|
| 008 | 250506s9999 xx 000 0 und d | ||
| 024 | _a08B-22-EE, 07B-121-EE, 07B-108-EE, 08B-121-EE & 08B-78-EE | ||
| 082 | _a629.8932072 RAH | ||
| 100 | _aRaheel Ahmed, Shoaib Shafi, Syed Ali Imam Zaidi, Syed Rashid Ali & Farqan Ahmed Khan | ||
| 245 | 0 | _aMicro Controller Based Robotic Assistant | |
| 260 |
_aKarachi: _bUIT, _c2008 |
||
| 600 | _aElectronic Engineering | ||
| 650 | _aBachelor of Engineering (BE) | ||
| 856 |
_uhttps://drive.google.com/file/d/1U_nXHJuHpfajwkgI4DM_ixUvi8K6wbD0/view?usp=sharing _yClick Here for PDF |
||
| 999 |
_c28002 _d28002 |
||